Aranmanoth (Record no. 3771)
[ view plain ]
| 000 -Etiqueta do registo | |
|---|---|
| Valores | 00394nam a2200157 4500 |
| 010 ## - Número ISBN | |
| ISBN | 972-29-0541-4 |
| 100 ## - Dados gerais de processamento | |
| Dados gerais | 20050202d2005 k y0frey50 ba |
| 101 ## - Língua de publicação | |
| -- | por |
| 200 ## - Titulo e menção de responsabilidade | |
| Título próprio | Aranmanoth |
| Primeira menção de responsabilidade | Ana Maria Mamute |
| Outras menções de responsabilidade | trad. Luís Filipe Sarmento |
| 210 ## - Publicação | |
| Local de publicação | Lisboa |
| Nome do editor | Difel |
| Data de publicação | s.d. |
| 215 ## - Descrição física | |
| Paginação / Volumes | 207 p. ; |
| Dimensões | 23 cm |
| 225 ## - Colecção | |
| Título próprio da colecção | Literatura estrangeira ) |
| 801 ## - Fonte de origem | |
| País | PT |
| Regras de catalogação | RPC |
| 990 ## - Elementos KOHA | |
| Tipo de documento | |
| Situação do levantamento | Estado | Biblioteca de origem | Código de barras | Cota | Permissão de empréstimo | Tipo de documento |
|---|---|---|---|---|---|---|
| Biblioteca Municipal do Alandroal | 1595/05 | 821.134.2-31"19" MAT | Livro |